000 00747nam a2200289Ia 4500
001 37850
003 IT-RoPAU
008 130308s9999 xx 000 0 und d
040 _aIT-RoPAU
040 _cIT-RoPAU
041 _aITALIANO
100 _aAntoine Andrè
100 _gCodice Aut. SPICS: 20613
245 _aAmbiente reale (L')
245 _bScena e costume nel Cinema-Antologia Storico/Critica
250 _a1a ed.
260 _aROMA
260 _bBulzoni
260 _c1986 [1° Ed.:1986 - Ed.Ling.Originale:1919]
300 _a"2 p. (prefazione: no ; testo: 2 [pagine: 142-143])"
650 _aSAGGI SUL CINEMA
650 _eCodice materia Spics: 6811
942 _cBK
957 _71
999 _c54888
_d54888
999 _bSI
999 _g1